1359 1654 1583 1440 1617 1958 1664 1156 1722 1784 1914 1254 1641 1406 1897 1335 1418 1486 1179 1324 1587 1167 1156 1245 1674 1301 1366 1114 1459 1911 1212 1612 1234 1631 1023 1209 1237 1861 1700 1273 1135 1960 1129 1508 1593 1944 1664 1435 1653 1311 1020 1286 1897 1652 1252 1971 1499 1889 1004 1216 1815 1402 1716 1376 1903 1044 1207 1181 1478 1702 1759 1117 1603 1886 1402 1204 1262 1695 1444 1345 1759 1269 1721 1070 1285 1929 1444 1301 1051 1653 1289 1670 1463 1529 1436 1253 1264 1160 1975 BCNSPRNW ULIB Ver.6.0+V

เปลี่ยนเป็นภาษาไทย

Change to English
 แสดงรายละเอียดบรรณานุกรม
  กลับหน้าหลัก

Brief Record : Get Marc (ISO 2709) : E-mail record : QR code < ปิดหน้าต่าง
LEADER : 00000nam 2200000uu 4500
001    13399113030
003     ULIB
008    110922s2553||||th 000 0 tha d
020    9789746521826
050  4 QH581.2^bก768ซ
100 0  เกล็ดแก้ว ด่านวิวัฒน์
245 10 เซลล์ชีววิทยา =^bCell biology /^cเกล็ดแก้ว ด่านวิวัฒน์
246 31 Cell biology
250    พิมพ์ครั้งที่ 1
260    กรุงเทพฯ :^bไอกรุ๊ป เพรส,^c2553
300    v, 145 หน้า :^bภาพประกอบ. ;^c21 ซม.
650  4 เซลล์
650  4 เซลล์วิทยา
650  4 ชีวโมเลกุล
945    ^p185^l0^i18612
945    ^p185^l0^i18613
945    ^p185^l0^i18614
945    ^p185^l0^i18710
945    ^p185^l0^i18711
945    ^p185^l0^i18854
945    ^p185^l0^i18855
995    กัณชพร
999 ^a ใช้งานได้ทุกระบบ
รายการนี้ยังไม่มีแท็ก
คุณยังไม่ได้ล็อกอิน คุณสามารถมีกิจกรรมร่วมกับเว็บไซต์ได้ แต่ต้องล็อกอินก่อน ::
  ล็อกอิน

รายการสื่อสารสนเทศ

ลำดับที่ ประเภท เลขเรียก/บาร์โค้ด สถานที่ สถานะ
1. วิทยาศาสตร์การแพทย์ และสุขภาพ
วิทยาศาสตร์การแพทย์ และสุขภาพ
สถานะ=หนังสือเก่า
QH581.2 ก768ซ ฉ.3 
  Barcode: 18614
ห้องสมุดวิทยาเขตสวรรค์ประชารักษ์
►หนังสือทั่วไป
บนชั้น

รายการใกล้เคียง
    ผู้แต่ง [เกล็ดแก้ว ด่านวิวัฒน์]

    หัวเรื่อง [เซลล์]
    หัวเรื่อง [เซลล์วิทยา]
    หัวเรื่อง [ชีวโมเลกุล]

BibComment


ยังไม่เคยถูกคอมเมนท์

คอมเมนท์ทรัพยากรรายการนี้
  คอมเมนท์: เซลล์ชีววิทยา Ce..


 Copyright 2026. Bcnsprnw @Library